| 000 | 00853 a2200205 4500 | ||
|---|---|---|---|
| 003 | Nust | ||
| 005 | 20220804135854.0 | ||
| 010 | _a 94045993 | ||
| 020 | _a0818668474 (paper) | ||
| 040 | _cNust | ||
| 082 | 0 | 0 | _a621.367,DAS |
| 100 |
_a[compiled by] Belur V. Dasarathy. _996543 |
||
| 245 | 0 | 0 |
_aImage data compression : _bblock truncation coding / _cBelur V. Dasarathy. |
| 260 |
_aLos Alamitos, Calif. : _bIEEE Computer Society Press, _c1995. |
||
| 300 | _a284p | ||
| 505 | _aData Compression (Page-1), Chronological Critique (Page-55), Illustrative Insights (Page-101), Core Contributions (Page-127), Applicable Advances (Page-145), Innovative Implementations (Page-185), Harmonious Hybride (Page-237), Desirable Developments (Page-281). | ||
| 650 | 0 | _aTelecommunication Engineering. | |
| 700 | 1 |
_aDasarathy, Belur V. _996544 |
|
| 942 |
_cREF _2ddc |
||
| 999 |
_c175640 _d175640 |
||